Kim loại học và nhiệt luyện

Guardat en:
Dades bibliogràfiques
Autor principal: Nghiêm Hùng
Format: Llibre
Idioma:Undetermined
Publicat: Hà Nội ĐH và THCN 1979
Matèries:
Etiquetes: Afegir etiqueta
Sense etiquetes, Sigues el primer a etiquetar aquest registre!
Thư viện lưu trữ: Trung tâm Học liệu Trường Đại học Cần Thơ
LEADER 00519nam a2200181Ia 4500
001 CTU_11470
008 210402s9999 xx 000 0 und d
082 |a 669.95 
082 |b Ngh304 
100 |a Nghiêm Hùng 
245 0 |a Kim loại học và nhiệt luyện 
245 0 |c Nghiêm Hùng 
260 |a Hà Nội 
260 |b ĐH và THCN 
260 |c 1979 
650 |a metallography,metals at high temperatures 
904 |i Minh, 961023 
980 |a Trung tâm Học liệu Trường Đại học Cần Thơ